000 00722cab a2200217 4500
001 WB3512-18
008 090401t1999 xxu||||| |||| 00| 0 eng d
035 _a(Sirsi) u92341
041 _aeng
245 _aBanking initiative considered
260 _c1999
350 _a0
490 _aFinancial Times
_v23 March 1999, 8(1)
520 _aA report by Sir Malcolm Bates puts forward a range of options for the future of the PFI Taskforce, and suggests the establishment of a state-owned bank along the same lines as the European Investment Bank.
650 _aBATES REPORT
650 _aPFI TASKFORCE
650 _aPFI
690 _aPROPERTY-PROPERTY FINANCE AND INVESTMENT
942 _n0
948 _c24/03/1999
999 _c58553
_d58553